000 01038nam a2200313 4500
001 20719
003 BJBSDDR
005 20250422115420.0
007 ta
008 060907s2002 sp spa
020 _a8434432242
020 _a9788434432246
040 _bspa
_cBJBSDDR
041 0 _aspaeng
050 1 4 _aR KKT 470
_bA348i 2002
100 1 _aAlcaraz Varó, Enrique,
_d1940-2008
_939814
245 1 3 _aEl inglés Jurídico :
_btextos y documentos /
_cEnrique alcaraz Varó
250 _a5a. edición con las más recientes modificaciones procesales de carácter civil y penal
260 _aBarcelona :
_bEditorial Ariel,
_c2002
300 _axi, 291 páginas ;
_c23 cm.
490 1 _aAriel derecho
504 _aIncluye bibliografía e índice.
650 4 _aDerecho
_xInglés técnico
_941665
_vLibros de texto
650 4 _aDerecho
_vTerminología
_99905
_zEspaña
650 4 _aInglés jurídico
_941666
650 4 _aInglés técnico
_94873
830 0 _aAriel (Derecho)
_931887
942 _2lcc
_cBK
999 _c98423
_d98423